000 00649nam a2200265Ia 4500
005 20260121124415.0
008 008 260114s9999 xx 000 0 eng d
020 _a9780520940598
037 _aEBOOK
040 _aCRL
040 _beng
040 _cCRL
041 _2eng
041 _aeng
084 _qCRL
100 _aChaturvedi, Vinayak
_9975469
245 0 _aPeasant pasts: history and memory in western India
260 _bWalter de Gruyter
260 _bWalter de Gruyter
260 _c2007
856 _uhttps://www.degruyter.com/isbn/9780520940598
942 _cEBOOK
999 _c1554353
_d1554353